Central Library OPAC University of Rajshahi

New developments in casework / (Record no. 6321)

MARC details
000 -LEADER
fixed length control field 00859nam a2200277 a 4500
001 - CONTROL NUMBER
control field 6321
003 - CONTROL NUMBER IDENTIFIER
rucl marc code BD-RjUL
005 - DATE AND TIME OF LATEST TRANSACTION
control field 20211208234225.0
008 - FIXED-LENGTH DATA ELEMENTS--GENERAL INFORMATION
fixed length control field 140109r19681966enk 000 0 eng d
020 ## - INTERNATIONAL STANDARD BOOK NUMBER
International Standard Book Number 0043610072
International Standard Book Number 0043610129 (pbk.)
035 ## - SYSTEM CONTROL NUMBER
System control number (BD-RjUL)6361
040 ## - CATALOGING SOURCE
Original cataloging agency WAPLP
Language of cataloging eng
Transcribing agency WAPLP
Modifying agency NNCU:A
-- BD-RjUL
041 ## - LANGUAGE CODE
Language code of text/sound track or separate title eng
082 04 - DEWEY DECIMAL CLASSIFICATION NUMBER
Classification number 361.308
Author mark and year NEW 1968
245 00 - TITLE STATEMENT
Title New developments in casework /
Statement of responsibility, etc. compiled by Eileen Younghusband.
260 ## - PUBLICATION, DISTRIBUTION, ETC. (IMPRINT)
Place of publication, distribution, etc. London :
Name of publisher, distributor, etc. Allen & Unwin,
Date of publication, distribution, etc. 1966 [impression 1968].
300 ## - PHYSICAL DESCRIPTION
Pagination V. ;
Size 23 cm.
505 0# - FORMATTED CONTENTS NOTE
Formatted contents note Vol 2 --
650 #0 - SUBJECT ADDED ENTRY--TOPICAL TERM
Topical term or geographic name as entry element Social case work.
9 (RLIN) 19903
700 1# - ADDED ENTRY--PERSONAL NAME
Personal name Younghusband, Eileen,
Dates associated with a name 1902-1981.
942 ## - ADDED ENTRY ELEMENTS (KOHA)
Source of classification or shelving scheme Dewey Decimal Classification
Koha item type Books
Holdings
Lost status Source of classification or shelving scheme Damaged status Not for loan Collection code Permanent Location Current Location Shelving location Date acquired Source of acquisition Cost, normal purchase price Total Checkouts Full call number Date last seen Copy number Koha item type
  Dewey Decimal Classification     Non-fiction Central Library, University of Rajshahi Central Library, University of Rajshahi   01/09/1969 Zeithlinger. 15.00   361.308 NEW V-2 1968 09/01/2014 C-3 Books
  Dewey Decimal Classification     Non-fiction Central Library, University of Rajshahi Central Library, University of Rajshahi   01/09/1969 Zeetlinger 15.00   361.308 NEW V-2 1968 21/08/2016 C-2 Books